Southville International School and Colleges
Your cart is empty.
  • Cart
  • Lists
    Public lists Eva Luna New books Lux_list list_1
    Your lists Log in to create your own lists
  • Log in to your account
  • Your cookies
  • Search history
Southville International School and Colleges
  • Advanced search
  • Recent comments
  • Most popular
  • Libraries

Log in to your account

Log in with GOOGLE


If you do not have an external account, but do have a local account, you can still log in:

  1. Home
  2. MARC view: The complete facilitators's handbook /
Normal view MARC view ISBD view

The complete facilitators's handbook / (Record no. 19432)

[ view plain ]
MARC details
000 -LEADER
fixed length control field 00584nam a2200193 a 4500
005 - DATE AND TIME OF LATEST TRANSACTION
control field 20140310183142.0
008 - FIXED-LENGTH DATA ELEMENTS--GENERAL INFORMATION
fixed length control field 020822s19uu xx 00 eng d
050 ## - LIBRARY OF CONGRESS CALL NUMBER
Classification number HM 751
Item number .H47 1999
100 ## - MAIN ENTRY--PERSONAL NAME
Personal name Heron, John
245 ## - TITLE STATEMENT
Title The complete facilitators's handbook /
Statement of responsibility, etc John Heron.
260 ## - PUBLICATION, DISTRIBUTION, ETC. (IMPRINT)
Place of publication, distribution, etc London, UK ; Sterling, VA :
Name of publisher, distributor, etc Kogan Page,
Date of publication, distribution, etc 1999.
300 ## - PHYSICAL DESCRIPTION
Extent xii, 414 p. :
Other physical details ill. ;
Dimensions 24 cm.
650 ## - SUBJECT ADDED ENTRY--TOPICAL TERM
Topical term or geographic name as entry element Communication in small group
650 ## - SUBJECT ADDED ENTRY--TOPICAL TERM
Topical term or geographic name as entry element Group decision making
650 ## - SUBJECT ADDED ENTRY--TOPICAL TERM
Topical term or geographic name as entry element experimental learning
650 ## - SUBJECT ADDED ENTRY--TOPICAL TERM
Topical term or geographic name as entry element Group facilitation
942 ## - ADDED ENTRY ELEMENTS (KOHA)
Koha item type Books
Source of classification or shelving scheme Library of Congress Classification
Call number prefix Foreign
Holdings
Withdrawn status Lost status Source of classification or shelving scheme Damaged status Home library Current library Shelving location Date acquired Cost, normal purchase price Total Checkouts Full call number Barcode Date last seen Date checked out Copy number Price effective from Koha item type
    Library of Congress Classification   College Library College Library General Circulation Section 08/22/2002 3060.00 1 HM 751 .H47 1999 C0340 05/15/2018 01/12/2015 1 10/10/2013 Books

The complete facilitators's handbook /

APA

Heron J., . (1999). The complete facilitators's handbook. London, UK ; Sterling, VA: Kogan Page.

Chicago

Heron John, . 1999. The complete facilitators's handbook. London, UK ; Sterling, VA: Kogan Page.

Harvard

Heron J., . (1999). The complete facilitators's handbook. London, UK ; Sterling, VA: Kogan Page.

MLA

Heron John, . The complete facilitators's handbook. London, UK ; Sterling, VA: Kogan Page. 1999.

  • Place hold
  • Print
  • Cite
  • Add to your cart (remove)
  • Save record
    BIBTEX Dublin Core MARCXML MARC (non-Unicode/MARC-8) MARC (Unicode/UTF-8) MARC (Unicode/UTF-8, Standard) MODS (XML) RIS
  • More searches
    Search for this title in:
    Other Libraries (WorldCat) Other Databases (Google Scholar) Online Stores (Bookfinder.com) Open Library (openlibrary.org)

Exporting to Dublin Core...

SOUTHVILLE LIBRARY

Southville International School and Colleges Library

1281 Tropical Ave. Cor. Luxembourg St., BF Homes International, Las Pinas City

Tel. No. 8256374 / 252358 Loc. 117/146

Powered by Koha